000 00309nam a22001217a 4500
082 _a951 SNO
100 _aSNOW, Edger
245 _aRed Star over China
260 _aMiddlesex
_bPenguin Books
_c1975
300 _a621 p.
_bill.; 20 cm.
500 _aIncludes photos, maps, bibliography and index
942 _cBK
999 _c16822
_d16822